[Event "LSS SN-2023-0-01036"]
[Site "LSS email"]
[Date "2023.03.28"]
[Round "?"]
[White "Lombardi, Donato"]
[Black "Martin, Hector"]
[Result "0-1"]
[WhiteElo "827"]
[BlackElo "875"]
[PlyCount "64"]
[EventDate "2022.03.20"]
[EventType "tourn (corr)"]
[EventRounds "6"]
[EventCountry "GER"]
[SourceTitle "Corr 2024"]
[Source "ChessBase"]
[SourceDate "2023.10.19"]
[SourceVersion "1"]
[SourceVersionDate "2023.10.19"]
[SourceQuality "1"]

1. e4 c5 2. Nf3 Nc6 3. Nc3 d6 4. d3 Nf6 5. Be3 g6 6. Qd2 Bg7 7. Bh6 0-0 8. Bxg7 Kxg7 9. 0-0-0 Be6 10. h4 Bg4 11. Be2 Bh5 12. Kb1 Ng4 13. Nd5 Nxf2 14. g4 Bxg4 15. Rhg1 Nxd1 16. Bxd1 Bxf3 17. Bxf3 e6 18. Ne3 Qxh4 19. a3 Nd4 20. Bd1 f5 21. c3 Nc6 22. exf5 exf5 23. Bf3 Rac8 24. Rh1 Qg3 25. Bxc6 Rxc6 26. Nf1 Qf3 27. Qh6+ Kf7 28. Qxh7+ Kf6 29. Rg1 Qh5 30. Qxb7 Qd1+ 31. Ka2 Rb6 32. Qd5 Qc2 0-1

[Event "LSS RN-2023-0-01619"]
[Site "LSS email"]
[Date "2023.02.25"]
[Round "?"]
[White "Molina, Vicente Andres"]
[Black "Lombardi, Donato"]
[Result "1-0"]
[WhiteElo "812"]
[BlackElo "835"]
[PlyCount "93"]
[EventDate "2022.08.09"]
[EventType "tourn (corr)"]
[EventRounds "6"]
[EventCountry "GER"]
[SourceTitle "Corr 2024"]
[Source "ChessBase"]
[SourceDate "2023.10.19"]
[SourceVersion "1"]
[SourceVersionDate "2023.10.19"]
[SourceQuality "1"]

1. d4 e5 2. Nf3 e4 3. Nfd2 d5 4. e3 Nf6 5. c4 c6 6. Nc3 Bd6 7. cxd5 cxd5 8. Be2 0-0 9. 0-0 Be6 10. Qb3 Nbd7 11. Nb5 Qb6 12. Nxd6 Qxd6 13. Qa4 Rfb8 14. b4 Nb6 15. Qb3 a5 16. bxa5 Rxa5 17. Rb1 Nc4 18. Nxc4 dxc4 19. Bxc4 Bxc4 20. Qxc4 h6 21. Bd2 Raa8 22. Bb4 Qd5 23. Qxd5 Nxd5 24. a3 Nxb4 25. axb4 f5 26. Rfc1 Kh7 27. h3 Ra6 28. Rc7 Rc6 29. Rxc6 bxc6 30. Kh2 Kg6 31. Kg3 Kf6 32. f3 g5 33. fxe4 fxe4 34. Kg4 Kg6 35. Rc1 h5+ 36. Kg3 Rb6 37. Rc4 Kf5 38. h4 g4 39. Rc5+ Kg6 40. Kf4 Rxb4 41. Rxc6+ Kg7 42. Kxe4 Rb2 43. g3 Rf2 44. d5 Rf3 45. d6 Rxg3 46. d7 Rh3 47. d8Q 1-0

[Event "LSS ZN-2023-0-04466"]
[Site "LSS email"]
[Date "2023.02.07"]
[Round "?"]
[White "Ventura, Bob"]
[Black "Lombardi, Donato"]
[Result "0-1"]
[WhiteElo "801"]
[BlackElo "845"]
[PlyCount "70"]
[EventDate "2022.12.29"]
[EventType "match (corr)"]
[EventRounds "2"]
[EventCountry "GER"]
[SourceTitle "Corr 2024"]
[Source "ChessBase"]
[SourceDate "2023.10.19"]
[SourceVersion "1"]
[SourceVersionDate "2023.10.19"]
[SourceQuality "1"]

1. e4 e6 2. d4 d5 3. exd5 exd5 4. h3 Bd6 5. Nf3 Nf6 6. a3 0-0 7. Nc3 Re8+ 8. Be2 c6 9. 0-0 Bf5 10. Re1 Nbd7 11. Bg5 Qc7 12. Bh4 Ne4 13. Bd3 Ndf6 14. Bxe4 Nxe4 15. Qe2 Nxc3 16. Qd2 Ne4 17. Qe2 h6 18. c4 g5 19. c5 Bf4 20. Bg3 Nxg3 21. Qd1 Nh5 22. Ne5 Bxe5 23. dxe5 Nf4 24. Kh2 Rxe5 25. f3 Rae8 26. Rg1 Re2 27. Kh1 Nxh3 28. Rf1 Nf2+ 29. Rxf2 Rxf2 30. Qg1 Ree2 31. b4 Rxg2 32. Qxg2 Rxg2 33. Kxg2 Qf4 34. Re1 Qd2+ 35. Kf1 Bd3+ 0-1

[Event "LSS RN-2023-0-01619"]
[Site "LSS email"]
[Date "2023.01.18"]
[Round "?"]
[White "Lombardi, Donato"]
[Black "Brough, Carl"]
[Result "0-1"]
[WhiteElo "835"]
[BlackElo "801"]
[PlyCount "86"]
[EventDate "2022.08.09"]
[EventType "tourn (corr)"]
[EventRounds "6"]
[EventCountry "GER"]
[SourceTitle "Corr 2024"]
[Source "ChessBase"]
[SourceDate "2023.10.19"]
[SourceVersion "1"]
[SourceVersionDate "2023.10.19"]
[SourceQuality "1"]

1. e4 e5 2. Nf3 Nc6 3. d4 d6 4. dxe5 dxe5 5. Qxd8+ Nxd8 6. Nxe5 Bd6 7. Nf3 Ne7 8. Nc3 0-0 9. Bg5 Ng6 10. 0-0-0 Ne6 11. Bd3 Nxg5 12. Nxg5 Bf4+ 13. Kb1 Bxg5 14. g3 Be6 15. f4 Be7 16. f5 Ne5 17. fxe6 fxe6 18. Rhf1 Rf6 19. a3 Raf8 20. Rxf6 Rxf6 21. Rf1 Nf3 22. Rf2 Bc5 23. Re2 Nd4 24. Rg2 c6 25. e5 Rf8 26. h4 Nf3 27. Ne4 Bd4 28. Re2 Bxe5 29. Ng5 Nxg5 30. hxg5 Bxg3 31. Rxe6 Bh4 32. Re7 Rb8 33. g6 Bxe7 34. gxh7+ Kh8 35. Kc1 Rf8 36. Kd2 g5 37. Ke3 g4 38. Be4 g3 39. c4 Bc5+ 40. Ke2 Rf2+ 41. Ke1 Rxb2 42. a4 g2 43. Bxg2 Rxg2 0-1

[Event "LSS RN-2023-0-01618"]
[Site "LSS email"]
[Date "2023.01.10"]
[Round "?"]
[White "Lombardi, Donato"]
[Black "Brough, Carl"]
[Result "1-0"]
[WhiteElo "841"]
[BlackElo "801"]
[PlyCount "95"]
[EventDate "2022.06.21"]
[EventType "tourn (corr)"]
[EventRounds "6"]
[EventCountry "GER"]
[SourceTitle "Corr 2024"]
[Source "ChessBase"]
[SourceDate "2023.10.19"]
[SourceVersion "1"]
[SourceVersionDate "2023.10.19"]
[SourceQuality "1"]

1. e4 e5 2. Nf3 Nc6 3. d4 d6 4. dxe5 dxe5 5. Qxd8+ Nxd8 6. Nxe5 Bd6 7. Nc4 Ne7 8. Be3 Be6 9. e5 b5 10. exd6 cxd6 11. Nxd6+ Kd7 12. Nxb5 Ndc6 13. Nd4 a6 14. Nxe6 fxe6 15. Bc4 Rhb8 16. b3 Ne5 17. Be2 Rc8 18. c4 Rf8 19. Nc3 h6 20. 0-0-0+ Ke8 21. Bd4 Nf7 22. Bf3 Rc8 23. Bxg7 Rg8 24. Bf6 Nf5 25. Rhe1 Rg6 26. Bd4 Kf8 27. Be4 Kg8 28. g4 Rxg4 29. f3 Rg2 30. Rg1 Rxg1 31. Rxg1+ Kf8 32. Bxf5 exf5 33. Nd5 Rc6 34. Rg8+ Kxg8 35. Ne7+ Kh7 36. Nxc6 Kg6 37. Nb4 Nd8 38. Nxa6 Nc6 39. Be3 h5 40. b4 Kf6 41. b5 Na5 42. c5 Ke6 43. c6 Ke7 44. c7 Kd7 45. b6 Nb7 46. Nc5+ Nxc5 47. Bxc5 Kc8 48. a4 1-0

[Event "LSS RN-2023-0-01618"]
[Site "LSS email"]
[Date "2023.01.10"]
[Round "?"]
[White "Lombardi, Donato"]
[Black "Molina, Vicente Andres"]
[Result "1-0"]
[WhiteElo "841"]
[BlackElo "827"]
[PlyCount "75"]
[EventDate "2022.06.21"]
[EventType "tourn (corr)"]
[EventRounds "6"]
[EventCountry "GER"]
[SourceTitle "Corr 2024"]
[Source "ChessBase"]
[SourceDate "2023.10.19"]
[SourceVersion "1"]
[SourceVersionDate "2023.10.19"]
[SourceQuality "1"]

1. e4 d6 2. d4 g6 3. Be3 Bg7 4. Nc3 Nd7 5. Bd3 c6 6. Qd2 Qc7 7. Nf3 e5 8. 0-0 Ne7 9. Rad1 0-0 10. Bh6 f5 11. Bxg7 Kxg7 12. Qg5 h6 13. Qd2 Nf6 14. dxe5 dxe5 15. Rfe1 f4 16. Bc4 Bg4 17. Be2 g5 18. h3 Be6 19. Qd6 Qxd6 20. Rxd6 Bf7 21. Nxe5 Bg6 22. Bd3 Bh5 23. Nd7 Nxd7 24. Rxd7 Kf6 25. e5+ Ke6 26. Rd6+ Kf7 27. Bc4+ Ke8 28. Rxh6 Bf7 29. e6 Bg8 30. Ne4 Rd8 31. Nf6+ Rxf6 32. Rxf6 Nd5 33. Rg6 Ke7 34. Rxg5 b5 35. Bxd5 cxd5 36. Rg7+ Kf6 37. e7 Re8 38. Rxg8 1-0

[Event "LSS No Engine Cup 231 Preliminary 0"]
[Site "LSS email"]
[Date "2022.11.22"]
[Round "?"]
[White "Henke, Simon"]
[Black "Lombardi, Donato"]
[Result "1-0"]
[WhiteElo "2110"]
[BlackElo "1071"]
[PlyCount "33"]
[EventDate "2022.11.22"]
[EventType "tourn (corr)"]
[EventRounds "6"]
[EventCountry "GER"]
[SourceTitle "Corr 2024"]
[Source "ChessBase"]
[SourceDate "2023.10.19"]
[SourceVersion "1"]
[SourceVersionDate "2023.10.19"]
[SourceQuality "1"]

1. e4 e6 2. d4 d5 3. exd5 exd5 4. c4 c6 5. Nc3 Nf6 6. Nf3 Bb4 7. Be2 0-0 8. 0-0 Bg4 9. cxd5 cxd5 10. h3 Bh5 11. Bg5 Be7 12. Qb3 Qd7 13. Ne5 Qc7 14. Bxh5 Nxh5 15. Nxd5 Qa5 16. Nxe7+ Kh8 17. Qxf7 1-0

[Event "LSS No Engine Cup 231 Preliminary 0"]
[Site "LSS email"]
[Date "2022.11.22"]
[Round "?"]
[White "Huber, Karl"]
[Black "Lombardi, Donato"]
[Result "1-0"]
[WhiteElo "2177"]
[BlackElo "1071"]
[PlyCount "55"]
[EventDate "2022.11.22"]
[EventType "tourn (corr)"]
[EventRounds "6"]
[EventCountry "GER"]
[SourceTitle "Corr 2024"]
[Source "ChessBase"]
[SourceDate "2023.10.19"]
[SourceVersion "1"]
[SourceVersionDate "2023.10.19"]
[SourceQuality "1"]

1. e4 e6 2. d4 d5 3. e5 c5 4. c3 Nc6 5. Nf3 Qb6 6. a3 cxd4 7. cxd4 Nge7 8. Nc3 Nf5 9. Na4 Qd8 10. h4 Bd7 11. g4 Nfe7 12. h5 Nc8 13. h6 gxh6 14. Bxh6 Bxh6 15. Rxh6 Nxe5 16. Nxe5 Qa5+ 17. Nc3 Nd6 18. Rc1 Ne4 19. Bd3 Nxc3 20. Rxc3 Rc8 21. b4 Qb6 22. Qf3 Rf8 23. Rxc8+ Bxc8 24. Rxh7 Qxd4 25. Qf6 Qa1+ 26. Ke2 Qb2+ 27. Kf1 Bd7 28. Rxf7 1-0

[Event "LSS No Engine Cup 231 Preliminary 0"]
[Site "LSS email"]
[Date "2022.11.22"]
[Round "?"]
[White "Lombardi, Donato"]
[Black "Koehler, Hans Christian"]
[Result "1/2-1/2"]
[WhiteElo "1071"]
[BlackElo "1442"]
[PlyCount "99"]
[EventDate "2022.11.22"]
[EventType "tourn (corr)"]
[EventRounds "6"]
[EventCountry "GER"]
[SourceTitle "Corr 2024"]
[Source "ChessBase"]
[SourceDate "2023.10.19"]
[SourceVersion "1"]
[SourceVersionDate "2023.10.19"]
[SourceQuality "1"]

1. e4 e5 2. Nf3 Nf6 3. Nxe5 d6 4. Nf3 Nxe4 5. Qe2 Qe7 6. Nc3 Nxc3 7. bxc3 Qxe2+ 8. Bxe2 Be7 9. 0-0 0-0 10. Ba3 Bg4 11. h3 Bf5 12. Nd4 Bd7 13. Bb5 a6 14. Bc4 Nc6 15. f4 Nxd4 16. cxd4 Bf6 17. c3 Rfe8 18. Rae1 Rxe1 19. Rxe1 Re8 20. Re3 Rxe3 21. dxe3 Kf8 22. g4 h6 23. Kf2 Be6 24. Bd3 Be7 25. e4 Bxa2 26. c4 c6 27. Ke3 d5 28. Bxe7+ Kxe7 29. exd5 cxd5 30. c5 Kd7 31. Kd2 Bb3 32. Kc3 Ba4 33. Kb4 Bc6 34. h4 Ke6 35. g5 hxg5 36. hxg5 g6 37. Ka5 Ke7 38. Kb6 Kf8 39. Bc2 Kg7 40. Ka5 f6 41. Kb4 fxg5 42. fxg5 Kf7 43. Kc3 Kg7 44. Kb4 Bd7 45. Bb3 Bc6 46. Ka5 Kf8 47. Kb4 Ke7 48. Bc2 Kf7 49. Ka5 Kg7 50. Kb4 1/2-1/2

[Event "LSS No Engine Cup 231 Preliminary 0"]
[Site "LSS email"]
[Date "2022.11.22"]
[Round "?"]
[White "Wilshusen, Horst"]
[Black "Lombardi, Donato"]
[Result "1-0"]
[WhiteElo "1346"]
[BlackElo "1071"]
[PlyCount "33"]
[EventDate "2022.11.22"]
[EventType "tourn (corr)"]
[EventRounds "6"]
[EventCountry "GER"]
[SourceTitle "Corr 2024"]
[Source "ChessBase"]
[SourceDate "2023.10.19"]
[SourceVersion "1"]
[SourceVersionDate "2023.10.19"]
[SourceQuality "1"]

1. e4 e6 2. d4 d5 3. Nc3 Nf6 4. Bg5 Be7 5. e5 Nfd7 6. h4 Bxg5 7. hxg5 Qxg5 8. Nh3 Qe7 9. Nf4 0-0 10. Bd3 h6 11. Qd2 c5 12. 0-0-0 cxd4 13. Ncxd5 exd5 14. Nxd5 Qxe5 15. Rxh6 gxh6 16. Qxh6 Qg7 17. Ne7# 1-0

[Event "LSS No Engine Cup 230 Preliminary 0"]
[Site "LSS email"]
[Date "2022.10.08"]
[Round "?"]
[White "Pehl, Ferenc"]
[Black "Lombardi, Donato"]
[Result "1/2-1/2"]
[WhiteElo "1247"]
[BlackElo "1056"]
[PlyCount "65"]
[EventDate "2022.10.08"]
[EventType "tourn (corr)"]
[EventRounds "6"]
[EventCountry "GER"]
[SourceTitle "Corr 2024"]
[Source "ChessBase"]
[SourceDate "2023.10.19"]
[SourceVersion "1"]
[SourceVersionDate "2023.10.19"]
[SourceQuality "1"]

1. e4 e6 2. d4 d5 3. exd5 exd5 4. Be2 Nf6 5. Bg5 Bd6 6. Nc3 c6 7. Nf3 0-0 8. 0-0 Bg4 9. h3 Bxf3 10. Bxf3 Nbd7 11. Re1 Qc7 12. a3 b5 13. Qd2 a5 14. Na2 Rfe8 15. Rxe8+ Rxe8 16. Re1 h6 17. Rxe8+ Nxe8 18. Be3 Nef6 19. c3 Qb6 20. b4 Nf8 21. Bf4 Bxf4 22. Qxf4 Ne6 23. Qd2 Qc7 24. Nc1 Ne4 25. Bxe4 dxe4 26. Nb3 a4 27. Nc5 Nxc5 28. dxc5 f5 29. Qd4 Qf4 30. Qd1 Qe5 31. Qd2 f4 32. Qd7 e3 33. Qd8+ 1/2-1/2

[Event "LSS RN-2022-0-01616"]
[Site "LSS email"]
[Date "2022.10.04"]
[Round "?"]
[White "Lombardi, Donato"]
[Black "Sury, Radim"]
[Result "0-1"]
[WhiteElo "826"]
[BlackElo "800"]
[PlyCount "58"]
[EventDate "2022.06.02"]
[EventType "tourn (corr)"]
[EventRounds "6"]
[EventCountry "GER"]
[SourceTitle "Corr 2024"]
[Source "ChessBase"]
[SourceDate "2023.10.19"]
[SourceVersion "1"]
[SourceVersionDate "2023.10.19"]
[SourceQuality "1"]

1. e4 c5 2. Nf3 d6 3. d4 cxd4 4. Nxd4 Nf6 5. Nc3 a6 6. Bd3 g6 7. Be3 Ng4 8. Qf3 Bg7 9. 0-0 0-0 10. Rad1 Nxe3 11. Qxe3 Nc6 12. Nf3 Bg4 13. h3 Bxf3 14. Qxf3 Qa5 15. Nd5 e6 16. b4 Qd8 17. Ne3 Nxb4 18. a3 Nc6 19. Rb1 b5 20. Rfc1 Qa5 21. Ng4 Qxa3 22. Nf6+ Kh8 23. Ra1 Qc3 24. Nd7 Rfd8 25. Nb6 Ra7 26. Qe2 Qc5 27. Na4 bxa4 28. Rxa4 Nb4 29. Rca1 Bxa1 0-1

[Event "LSS ZN-2022-0-04439"]
[Site "LSS email"]
[Date "2022.09.30"]
[Round "?"]
[White "Ventura, Bob"]
[Black "Lombardi, Donato"]
[Result "0-1"]
[WhiteElo "749"]
[BlackElo "821"]
[PlyCount "144"]
[EventDate "2022.09.28"]
[EventType "match (corr)"]
[EventRounds "2"]
[EventCountry "GER"]
[SourceTitle "Corr 2024"]
[Source "ChessBase"]
[SourceDate "2023.10.19"]
[SourceVersion "1"]
[SourceVersionDate "2023.10.19"]
[SourceQuality "1"]

1. e4 e6 2. d4 d5 3. exd5 exd5 4. h3 Nf6 5. Nf3 Bd6 6. Bd3 0-0 7. 0-0 Be6 8. a3 Nbd7 9. Nc3 c5 10. dxc5 Bxc5 11. Kh1 Qb6 12. Na4 Qc7 13. b4 Bd6 14. Bb2 Rad8 15. Re1 Rfe8 16. Nd4 a6 17. Nc3 Nf8 18. Qf3 Be5 19. Qe3 Bd7 20. f3 Bg3 21. Qg1 Rxe1 22. Rxe1 Bxe1 23. Qxe1 Qf4 24. Nde2 Qe3 25. Bc1 Qe6 26. Qf2 Ng6 27. Ng3 Rc8 28. Nce2 Re8 29. Bb2 Ne5 30. Nd4 Nxd3 31. cxd3 Qe1+ 32. Qxe1 Rxe1+ 33. Kh2 Rb1 34. Bc3 Rc1 35. Bb2 Rc8 36. Nge2 Bb5 37. Nc1 Nd7 38. Nce2 Bxd3 39. Nc3 Ne5 40. Na4 Nc4 41. Bc1 Ne5 42. Bb2 Bc2 43. Nxc2 Nxf3+ 44. gxf3 Rxc2+ 45. Kg3 b5 46. Nc3 Rxb2 47. Nxd5 Rb3 48. Nc7 Rxa3 49. h4 Ra4 50. Kh3 Ra3 51. Kg3 Rb3 52. Nxa6 g6 53. Kf4 h6 54. Ke4 Kg7 55. Kf4 f6 56. Ke4 g5 57. h5 f5+ 58. Kxf5 Rxf3+ 59. Kg4 Rf4+ 60. Kg3 Rh4 61. Kf3 Rxh5 62. Nc7 Rh4 63. Na6 Kg6 64. Kg3 Rc4 65. Kf3 h5 66. Kg3 h4+ 67. Kf3 Kh5 68. Kg2 g4 69. Kh2 Rc2+ 70. Kg1 h3 71. Kh1 g3 72. Nb8 Rc1# 0-1

[Event "LSS ZN-2022-0-04434"]
[Site "LSS email"]
[Date "2022.09.20"]
[Round "?"]
[White "Sury, Radim"]
[Black "Lombardi, Donato"]
[Result "1-0"]
[WhiteElo "800"]
[BlackElo "821"]
[PlyCount "53"]
[EventDate "2022.09.07"]
[EventType "match (corr)"]
[EventRounds "2"]
[EventCountry "GER"]
[SourceTitle "Corr 2024"]
[Source "ChessBase"]
[SourceDate "2023.10.19"]
[SourceVersion "1"]
[SourceVersionDate "2023.10.19"]
[SourceQuality "1"]

1. c4 c5 2. Nf3 Nf6 3. Nc3 Nc6 4. d4 cxd4 5. Nxd4 e5 6. Ndb5 Be7 7. Nd6+ Bxd6 8. Qxd6 Qe7 9. Qxe7+ Nxe7 10. b3 d5 11. Nb5 0-0 12. Ba3 Bd7 13. Bxe7 Bxb5 14. Bxf8 Bc6 15. cxd5 Nxd5 16. Bd6 e4 17. e3 Rd8 18. Bc5 Nc3 19. Bxa7 b5 20. Rc1 b4 21. Bd4 Ba8 22. Bxc3 bxc3 23. Bc4 Rd2 24. Rd1 Rxd1+ 25. Kxd1 Kf8 26. Kc2 f5 27. a4 1-0

[Event "LSS ZN-2022-0-04430"]
[Site "LSS email"]
[Date "2022.09.03"]
[Round "?"]
[White "Lombardi, Donato"]
[Black "Olsson, Arne"]
[Result "0-1"]
[WhiteElo "860"]
[BlackElo "800"]
[PlyCount "80"]
[EventDate "2022.09.03"]
[EventType "match (corr)"]
[EventRounds "2"]
[EventCountry "GER"]
[SourceTitle "Corr 2024"]
[Source "ChessBase"]
[SourceDate "2023.10.19"]
[SourceVersion "1"]
[SourceVersionDate "2023.10.19"]
[SourceQuality "1"]

1. e4 c5 2. d4 cxd4 3. Qxd4 Nc6 4. Qe3 Nf6 5. Nc3 d5 6. exd5 Nxd5 7. Nxd5 Qxd5 8. Nf3 Bf5 9. Be2 e5 10. 0-0 Bc5 11. Qc3 0-0 12. Be3 Bb4 13. Qb3 Qxb3 14. cxb3 f6 15. Bc4+ Kh8 16. a3 Be7 17. Rad1 Rfd8 18. Nh4 Bg4 19. Rxd8+ Rxd8 20. h3 Bc8 21. Rc1 g5 22. Nf3 e4 23. Nd2 f5 24. Nb1 Kg7 25. Nc3 f4 26. Bxf4 gxf4 27. Nxe4 Bf5 28. Nc3 Rd2 29. Nd5 Bc5 30. b4 Bxf2+ 31. Kf1 Bg3 32. Bb3 Bd3+ 33. Kg1 Be4 34. Nc3 Rxg2+ 35. Kf1 Rh2 36. Rd1 Bf3 37. Rd7+ Kh8 38. Ne2 Bxe2+ 39. Kg1 Bf3 40. Kf1 Rh1# 0-1

[Event "OP-2022-0-05321"]
[Site "LSS email"]
[Date "2022.08.26"]
[Round "?"]
[White "Cvak, Rudolf"]
[Black "Lombardi, Donato"]
[Result "1-0"]
[WhiteElo "2297"]
[BlackElo "849"]
[PlyCount "53"]
[EventDate "2022.08.24"]
[EventType "tourn (corr)"]
[EventRounds "4"]
[EventCountry "GER"]
[SourceTitle "Corr 2024"]
[Source "ChessBase"]
[SourceDate "2023.10.19"]
[SourceVersion "1"]
[SourceVersionDate "2023.10.19"]
[SourceQuality "1"]

1. e4 e6 2. d4 d5 3. Nc3 Nf6 4. e5 Nfd7 5. f4 a6 6. Nf3 c5 7. Be3 Nc6 8. Ne2 cxd4 9. Nexd4 Be7 10. Qe2 Nc5 11. 0-0-0 Qa5 12. Kb1 Na4 13. h4 Qb6 14. Nb3 Qc7 15. Qf2 0-0 16. c3 f6 17. exf6 Bxf6 18. Qc2 e5 19. fxe5 Nxe5 20. Bf4 Re8 21. Bd3 Bg4 22. Bxh7+ Kh8 23. Bg6 Rec8 24. Rxd5 Nxf3 25. Bxc7 Rxc7 26. gxf3 Bxf3 27. Qf5 1-0

[Event "OP-2022-0-05310"]
[Site "LSS email"]
[Date "2022.07.22"]
[Round "?"]
[White "Javier, Christian"]
[Black "Lombardi, Donato"]
[Result "1-0"]
[WhiteElo "1500"]
[BlackElo "784"]
[PlyCount "27"]
[EventDate "2022.07.12"]
[EventType "tourn (corr)"]
[EventRounds "4"]
[EventCountry "GER"]
[SourceTitle "Corr 2024"]
[Source "ChessBase"]
[SourceDate "2023.10.19"]
[SourceVersion "1"]
[SourceVersionDate "2023.10.19"]
[SourceQuality "1"]

1. d4 d5 2. c4 c6 3. Nc3 Nf6 4. Nf3 Bg4 5. Ne5 Bh5 6. cxd5 cxd5 7. Qb3 Nc6 8. e4 dxe4 9. Qxb7 Nxe5 10. dxe5 Nd7 11. Nd5 Rc8 12. Bb5 f6 13. e6 Rb8 14. Bxd7+ 1-0

[Event "OP-2022-0-05310"]
[Site "LSS email"]
[Date "2022.07.22"]
[Round "?"]
[White "Lombardi, Donato"]
[Black "Correa de Almeida, Claudio"]
[Result "0-1"]
[WhiteElo "784"]
[BlackElo "1466"]
[PlyCount "84"]
[EventDate "2022.07.12"]
[EventType "tourn (corr)"]
[EventRounds "4"]
[EventCountry "GER"]
[SourceTitle "Corr 2024"]
[Source "ChessBase"]
[SourceDate "2023.10.19"]
[SourceVersion "1"]
[SourceVersionDate "2023.10.19"]
[SourceQuality "1"]

1. e4 c5 2. d4 cxd4 3. Qxd4 Nc6 4. Qe3 Nf6 5. Nc3 d5 6. exd5 Nxd5 7. Nxd5 Qxd5 8. Nf3 Bf5 9. c4 Qe4 10. Be2 Nb4 11. 0-0 Nc2 12. Qxe4 Bxe4 13. Rb1 Nd4 14. Nxd4 Bxb1 15. a3 0-0-0 16. Be3 Bg6 17. Bf3 e5 18. Nb5 a6 19. Nc3 h5 20. Bb6 Rd2 21. Be4 Bxe4 22. Nxe4 Rxb2 23. c5 f5 24. Ng5 Rc2 25. Nf7 Rg8 26. Nxe5 Bxc5 27. Bxc5 Rxc5 28. Ng6 Rd8 29. h3 Rd6 30. Nf4 h4 31. Re1 Kd7 32. Rb1 b5 33. Rb2 Rc1+ 34. Kh2 Ra1 35. Rb3 Rdd1 36. Rd3+ Rxd3 37. Nxd3 Rxa3 38. Nc5+ Kc6 39. Ne6 b4 40. Nxg7 b3 41. Nxf5 b2 42. Nd4+ Kd7 0-1

[Event "LSS ZN-2022-0-04412"]
[Site "LSS email"]
[Date "2022.07.22"]
[Round "?"]
[White "Lombardi, Donato"]
[Black "Ventura, Bob"]
[Result "1-0"]
[WhiteElo "784"]
[BlackElo "686"]
[PlyCount "91"]
[EventDate "2022.07.17"]
[EventType "match (corr)"]
[EventRounds "2"]
[EventCountry "GER"]
[SourceTitle "Corr 2024"]
[Source "ChessBase"]
[SourceDate "2023.10.19"]
[SourceVersion "1"]
[SourceVersionDate "2023.10.19"]
[SourceQuality "1"]

1. e4 e5 2. Nf3 Nc6 3. d4 exd4 4. Nxd4 Bc5 5. Be3 Qf6 6. c3 d6 7. Be2 Ne5 8. 0-0 h6 9. f4 Nd7 10. Bf3 c6 11. Qd3 Qd8 12. Nd2 Ngf6 13. Rae1 0-0 14. N2b3 Bb6 15. a4 a5 16. Nf5 Bc7 17. Nxd6 Qe7 18. e5 Nh7 19. Bc5 Nxc5 20. Nxc5 Bb6 21. Nde4 Bf5 22. b4 axb4 23. cxb4 Rfd8 24. Qc4 Nf8 25. Nd6 Be6 26. Qc3 Nd7 27. Ndxb7 Rdc8 28. Kh1 Nxc5 29. Nxc5 Bxc5 30. Qxc5 Qb7 31. b5 Rxa4 32. Bxc6 Qb8 33. Rc1 Rd8 34. b6 Ra2 35. Be4 Rc8 36. Qb5 Rd8 37. b7 g6 38. f5 gxf5 39. Bxf5 Bd5 40. Bh3 Bxb7 41. Rb1 Rdd2 42. Qxb7 Qxe5 43. Qc8+ Kg7 44. Qg4+ Kf8 45. Qf5 Qc3 46. Qxf7# 1-0

[Event "LSS No Engine Cup 228 Preliminary 0"]
[Site "LSS email"]
[Date "2022.07.09"]
[Round "?"]
[White "Hoehne, Volkmar"]
[Black "Lombardi, Donato"]
[Result "1-0"]
[WhiteElo "2135"]
[BlackElo "1047"]
[PlyCount "71"]
[EventDate "2022.07.09"]
[EventType "tourn (corr)"]
[EventRounds "6"]
[EventCountry "GER"]
[SourceTitle "Corr 2024"]
[Source "ChessBase"]
[SourceDate "2023.10.19"]
[SourceVersion "1"]
[SourceVersionDate "2023.10.19"]
[SourceQuality "1"]

1. e4 e6 2. d4 d5 3. e5 c5 4. Qg4 cxd4 5. Nf3 Nc6 6. Bd3 Nge7 7. 0-0 Ng6 8. Re1 Be7 9. a3 0-0 10. b4 Qc7 11. Qg3 Bd7 12. b5 Na5 13. Nbd2 Qc3 14. Ra2 Nc4 15. a4 Qa5 16. Nxc4 dxc4 17. Bxc4 Qc3 18. Bd3 Bb4 19. Bd2 Qc5 20. Bxb4 Qxb4 21. Raa1 Rac8 22. Ng5 Be8 23. Bxg6 fxg6 24. Qh3 h6 25. Qxe6+ Kh8 26. Qxc8 hxg5 27. Qh3+ Kg8 28. Qe6+ Bf7 29. Qd6 Qxd6 30. exd6 Rd8 31. Re7 Rxd6 32. Rxb7 Be6 33. Rxa7 d3 34. cxd3 Rxd3 35. b6 Bd5 36. b7 1-0

[Event "LSS RN-2022-0-01615"]
[Site "LSS email"]
[Date "2022.07.06"]
[Round "?"]
[White "Plastinin, Alexandr"]
[Black "Lombardi, Donato"]
[Result "1/2-1/2"]
[WhiteElo "930"]
[BlackElo "795"]
[PlyCount "117"]
[EventDate "2022.04.21"]
[EventType "tourn (corr)"]
[EventRounds "6"]
[EventCountry "GER"]
[SourceTitle "Corr 2024"]
[Source "ChessBase"]
[SourceDate "2023.10.19"]
[SourceVersion "1"]
[SourceVersionDate "2023.10.19"]
[SourceQuality "1"]

1. e4 e6 2. Nf3 d5 3. exd5 exd5 4. d4 Bd6 5. c4 dxc4 6. Bxc4 Nf6 7. 0-0 0-0 8. Nc3 Bg4 9. h3 Bh5 10. Be2 Nbd7 11. Be3 c6 12. Nh2 Bxe2 13. Qxe2 Qc7 14. f4 Rfe8 15. Qf3 c5 16. Nb5 Qb6 17. Nxd6 Qxd6 18. dxc5 Nxc5 19. Rfd1 Qe7 20. Bd4 b6 21. b4 Ne6 22. Be5 Rad8 23. Ng4 Rxd1+ 24. Rxd1 Nxg4 25. Qxg4 f6 26. Bc3 Qf7 27. Qf3 Rd8 28. f5 Rxd1+ 29. Qxd1 Ng5 30. Qd8+ Qf8 31. Qd7 Qb8 32. a4 Nf7 33. a5 bxa5 34. bxa5 Qb1+ 35. Kh2 Qb8+ 36. g3 h6 37. h4 a6 38. Bd4 Ne5 39. Bxe5 Qxe5 40. Qc8+ Kh7 41. Qe6 Qxa5 42. Qe4 Qb5 43. Qg4 a5 44. Qe4 a4 45. Kh3 a3 46. Qe6 Qb2 47. Qf7 Qb8 48. Qa2 Qb2 49. Qf7 Qb8 50. Qa2 Qe5 51. Qxa3 Qxf5+ 52. Kh2 h5 53. Qe3 g6 54. Qe7+ Kh6 55. Qf8+ Kh7 56. Qf7+ Kh6 57. Qf8+ Kh7 58. Qf7+ Kh6 59. Qf8+ 1/2-1/2